Tìm hiểu tuyển tập tiêu chuẩn xây dựng công trình giao thông = Collection of transportation structure construction standards

Sách gồm 4 phần với các nội dung chính: tiêu chuẩn khảo sát, thiết kế đường ô tô; tiêu chuẩn thiết kế đường nông thôn, đường đô thị; tiêu chuẩn thiết kế bến phà, bến cầu phao đường bộ; tiêu chuẩn thiết kế cầu....

תיאור מלא

שמור ב:
מידע ביבליוגרפי
פורמט: ספר
שפה:Undetermined
יצא לאור: Hà Nội Lao động 2011
נושאים:
תגים: הוספת תג
אין תגיות, היה/י הראשונ/ה לתייג את הרשומה!
Thư viện lưu trữ: Trung tâm Học liệu Trường Đại học Cần Thơ
LEADER 01180nam a2200229Ia 4500
001 CTU_185642
008 210402s9999 xx 000 0 und d
020 |c 450000 
082 |a 624.0218 
082 |b T310/T.2 
245 0 |a Tìm hiểu tuyển tập tiêu chuẩn xây dựng công trình giao thông = 
245 0 |b Collection of transportation structure construction standards 
245 0 |c Việt Trinh, Thuỳ Linh (Sưu tầm và hệ thống hoá) 
260 |a Hà Nội 
260 |b Lao động 
260 |c 2011 
520 |a Sách gồm 4 phần với các nội dung chính: tiêu chuẩn khảo sát, thiết kế đường ô tô; tiêu chuẩn thiết kế đường nông thôn, đường đô thị; tiêu chuẩn thiết kế bến phà, bến cầu phao đường bộ; tiêu chuẩn thiết kế cầu. 
650 |a Construction industry,Ngành xây dựng 
650 |x Standards,Tiêu chuẩn 
650 |z Vietnam,Việt Nam 
910 |a Trần Thị Tuyết Vân,Hải 
980 |a Trung tâm Học liệu Trường Đại học Cần Thơ